00580 2200229 4500001002100000005001500021035002000036007000300056008004100059020002200100082000800122084001400130100002200144245005700166250001100223260003600234300002800270600001300298990001300311990001300324990001300337INLIS00000000000835820251217113120 a0010-0322000377ta251217 g 0 ind  a978-602-391-969-7 a297 a297 NUR e0 aNur Khalik Ridwan1 aENSIKLOPEDIA KHITTAH NU JILID 3 /cNur Khalik Ridwan acet. 1 aYogyakarta :bDIVA Press,c2020 a510 hlm ;c15.5 x 24 cm 4areligion a022.7549 a022.7548 a022.7547